|
|
|
|
| LEADER |
00000naa2a2200000 4500 |
| 001 |
242259 |
| 005 |
20251219154313.0 |
| 035 |
|
|
|a (RuTPU)RU\TPU\book\263567
|
| 090 |
|
|
|a 242259
|
| 100 |
|
|
|a 20130828d2011 k y0rusy50 ca
|
| 101 |
0 |
|
|a rus
|
| 102 |
|
|
|a RU
|
| 135 |
|
|
|a drcn ---uucaa
|
| 181 |
|
0 |
|a i
|
| 182 |
|
0 |
|a b
|
| 200 |
1 |
|
|a К вопросу о росте монокристаллов нитрида алюминия в условиях теплового взрыва
|d On the growth of single crystals of aluminum nitride in conditions of the thermal explosion
|f А. В. Мостовщиков
|g науч. рук. А. П. Ильин
|
| 203 |
|
|
|a Текст
|c электронный
|
| 215 |
|
|
|a 1 файл(648 Кб)
|
| 225 |
1 |
|
|a Химия
|
| 300 |
|
|
|a Заглавие с экрана
|
| 320 |
|
|
|a [Библиогр.: с. 349 (8 назв.)]
|
| 330 |
|
|
|a The products of aluminum nanopowder combustion in the air were investigated. It was established that during combustion of the conical specimen of aluminum nanopowder on the flat surfacein air whiskers were forming. During combustion of aluminum nanopowder in a crucible formed teardrop-shaped crystals, and combustion in a crucible in magnetic field obtained hexagonal crystals. Perhaps this is due to the influence of magnetic field on theions' flow in the burning sample's plasma
|
| 337 |
|
|
|a Adobe Reader
|
| 463 |
|
1 |
|0 (RuTPU)RU\TPU\book\256878
|t Перспективы развития фундаментальных наук
|l Prospects of fundamental sciences development
|o сборник научных трудов VIII Международной конференция студентов и молодых ученых, г. Томск, 26-29 апреля 2011 г.
|f Национальный исследовательский Томский политехнический университет (ТПУ) ; ред. коллегия Е. А. Вайтулевич ; Г. А. Лямина ; Г. А. Воронова ; М. П. Никитич ; А. М. Лидер ; Ю. Р. Цой ; М. Е. Семенов ; А. В. Коршунов ; О. Г. Литвинова
|v [ С. 347-349]
|d 2011
|
| 510 |
1 |
|
|a On the growth of single crystals of aluminum nitride in conditions of the thermal explosion
|z eng
|
| 610 |
1 |
|
|a электронный ресурс
|
| 610 |
1 |
|
|a труды учёных ТПУ
|
| 610 |
1 |
|
|a монокристаллы
|
| 610 |
1 |
|
|a нитрид алюминия
|
| 610 |
1 |
|
|a тепловые взрывы
|
| 700 |
|
1 |
|a Мостовщиков
|b А. В.
|c химик
|c старший научный сотрудник, профессор Томского политехнического университета, доктор технических наук
|f 1989-
|g Андрей Владимирович
|3 (RuTPU)RU\TPU\pers\25492
|9 11429
|
| 702 |
|
1 |
|a Ильин
|b А. П.
|c химик
|c профессор Томского политехнического университета, доктор физико-математических наук
|f 1949-
|g Александр Петрович
|4 727
|
| 801 |
|
2 |
|a RU
|b 63413507
|c 20131017
|g RCR
|
| 856 |
4 |
|
|u http://www.lib.tpu.ru/fulltext/c/2011/C21/001.pdf
|
| 942 |
|
|
|c CF
|